[Event "FS Dortmund 1 - SV Welper 2"]
[Site "Verbandsklasse, Gruppe 1 2017"]
[Date "2018.01.14"]
[Round "5.4"]
[White "Lauche, Christoph"]
[Black "Sharma, Rakesh"]
[Result "1-0"]
[WhiteElo "1833"]
[BlackElo "1858"]
[PlyCount "97"]
[EventDate "2018.??.??"]

1. e4 c5 2. b4 cxb4 3. a3 e6 4. axb4 Bxb4 5. Bb2 Nf6 6. e5 Nd5 7. c4 Nf4 8. h4
h5 9. g3 Ng6 10. Bd3 Nc6 11. Bxg6 fxg6 12. Qc2 Ne7 13. Nh3 O-O 14. Nf4 Rf5 15.
Nd3 Nc6 16. Nxb4 Nxb4 17. Qc3 Nc6 18. d4 Qf8 19. Ba3 Qf7 20. f4 b6 21. Nd2 Bb7
22. Ne4 Nxe5 23. Nd6 Nf3+ 24. Kd1 Qf6 25. Nxb7 Qxd4+ 26. Qxd4 Nxd4 27. Nd6 Ra5
28. Bb2 Rxa1+ 29. Bxa1 Nf5 30. Nxf5 gxf5 31. Kd2 Kf7 32. Bd4 g6 33. Ra1 Ke7 34.
Kd3 a5 35. Bxb6 a4 36. Kd4 Kf6 37. Bc5 Ra6 38. Ba3 Rb6 39. Rc1 d6 40. Rc3 e5+
41. Kd5 e4 42. Bxd6 Rb1 43. c5 Rb3 44. Rc1 Rd3+ 45. Kc6 Ke6 {(=)} 46. Kc7 Kd5
47. c6 e3 48. Kd7 e2 49. c7 1-0

[Event "FS Dortmund 1 - SV Welper 2"]
[Site "Verbandsklasse, Gruppe 1 2017"]
[Date "2018.01.14"]
[Round "5.5"]
[White "Kleff, Tim"]
[Black "Jost, Udo"]
[Result "1/2-1/2"]
[WhiteElo "1770"]
[BlackElo "1812"]
[PlyCount "107"]
[EventDate "2018.??.??"]

1. d4 Nf6 2. c4 e5 3. dxe5 Ne4 4. Bd2 Nc6 5. Nf3 a5 6. a3 a4 7. Nc3 Nc5 8. Bf4
Ne6 9. Bg3 h5 10. h3 h4 11. Bh2 Be7 12. Nxa4 O-O 13. Nc3 f5 14. exf6 Bxf6 15.
Qd2 Bxc3 16. Qxc3 Qe7 17. e3 d6 18. Be2 Nc5 19. O-O Rf7 20. Rad1 Bd7 21. Kh1
Raf8 22. b4 Ne4 23. Qb2 Bxh3 24. gxh3 Rxf3 25. Bxf3 Rxf3 26. Kg2 Ng5 27. Qc2
Qe6 28. Rg1 Qxh3+ 29. Kh1 Rf5 30. f4 Nf3 31. Qg2 Nxg1 32. Rxg1 Qxg2+ 33. Kxg2
Kf7 34. Kh3 Rh5 35. Rg4 Rh8 36. Rxh4 Ra8 37. Kg4 Rxa3 38. b5 Ne7 39. Rh8 Rxe3
40. Rb8 Rc3 41. Rxb7 Rxc4 42. b6 cxb6 43. Rxb6 Ke6 44. Bg3 Nf5 45. Bf2 Rc2 46.
Kf3 Rc4 47. Kg4 Ne7 48. Rb1 d5 49. Rd1 Nf5 50. Kg5 Nd6 51. Bd4 Rc2 52. f5+ Kf7
53. Kf4 Re2 54. Bc5 1/2-1/2

[Event "FS Dortmund 1 - SV Welper 2"]
[Site "Verbandsklasse, Gruppe 1 2017"]
[Date "2018.01.14"]
[Round "5.6"]
[White "Schulz-Runge, Michael"]
[Black "Olf, Hans-Helmut"]
[Result "0-1"]
[WhiteElo "1755"]
[BlackElo "1991"]
[PlyCount "72"]
[EventDate "2018.??.??"]

1. c4 Nf6 2. Nc3 g6 3. e4 d6 4. Nf3 c5 5. d4 cxd4 6. Nxd4 Bg7 7. Be2 Nc6 8. Nf3
O-O 9. O-O b6 10. Rb1 Bb7 11. b4 Nd7 12. Nd5 e6 13. Ne3 Nde5 14. Nxe5 dxe5 15.
c5 Nd4 16. Re1 Bxe4 17. Rb2 bxc5 18. b5 Nxe2+ 19. Qxe2 Bd3 20. Qg4 e4 21. Rb3
c4 22. Ra3 Qb6 23. Qg5 Rfb8 24. Ng4 Qd8 25. Nh6+ Kf8 26. Qf4 Qf6 27. Qd6+ Qe7
28. Qc6 Bd4 29. Ng4 h5 30. Ra4 Rc8 31. Ba3 Bc5 32. Bxc5 Qxc5 33. Qxc5+ Rxc5 34.
b6 hxg4 35. b7 Rb8 36. Rxa7 Rb5 0-1

[Event "FS Dortmund 1 - SV Welper 2"]
[Site "Verbandsklasse, Gruppe 1 2017"]
[Date "2018.01.14"]
[Round "5.7"]
[White "Berke, Martin"]
[Black "Potyrala, Lukasz-Rafal"]
[Result "1-0"]
[WhiteElo "1748"]
[BlackElo "1670"]
[PlyCount "129"]
[EventDate "2018.??.??"]

1. e4 e6 2. d4 d5 3. Nc3 Nf6 4. e5 Nfd7 5. f4 c5 6. Nf3 Nc6 7. Ne2 Be7 8. c3
Qb6 9. a3 f6 10. b4 cxd4 11. Nexd4 Nxd4 12. cxd4 Nb8 13. Be2 Bd7 14. O-O O-O
15. Rb1 Nc6 16. Be3 Rac8 17. Qd3 Rc7 18. exf6 Bxf6 19. Ne5 Ne7 20. g4 g6 21.
Kh1 Rfc8 22. Nxd7 Rxd7 23. Rbc1 Rdc7 24. Rc5 {(=)} 24... Qd6 25. Rfc1 b6 26.
Rxc7 Rxc7 27. Rxc7 Qxc7 28. g5 Bg7 29. Bg4 Kf7 30. b5 Nc8 31. h4 Nd6 32. h5 Qc4
33. hxg6+ hxg6 34. Bxe6+ Kf8 35. Qxc4 dxc4 36. a4 Ke7 37. Bd5 c3 38. Bb3 Nf5
39. Bc1 Nxd4 40. Bc4 Nf5 41. Bd3 Ke6 42. Bc4+ Ke7 43. Kg2 Bd4 44. Kf3 Bc5 45.
Bd3 Nd4+ 46. Ke4 Nb3 47. Be3 Bd6 48. Kd5 Nc5 49. Bxg6 Nxa4 50. Bc2 Bc5 51.
Bxc5+ Nxc5 52. f5 a5 53. bxa6 Nxa6 54. Kc4 Nc7 55. Kxc3 Kd6 56. Kd4 Nb5+ 57.
Ke4 Nc3+ 58. Kf4 Ne2+ 59. Ke3 Ng3 60. f6 Kd7 61. Kf3 Nf1 62. Bf5+ Ke8 63. g6
Nd2+ 64. Kf4 Nc4 65. g7 1-0

[Event "FS Dortmund 1 - SV Welper 2"]
[Site "Verbandsklasse, Gruppe 1 2017"]
[Date "2018.01.14"]
[Round "5.8"]
[White "Schläger, Reiner"]
[Black "Schaller, Kai"]
[Result "0-1"]
[WhiteElo "1598"]
[BlackElo "1786"]
[PlyCount "124"]
[EventDate "2018.??.??"]

1. d4 Nf6 2. c4 d5 3. cxd5 Nxd5 4. e4 Nb6 5. Nc3 e6 6. Nf3 c5 7. Bf4 cxd4 8.
Bb5+ N8d7 9. Nxd4 a6 10. Ba4 Be7 11. Bxd7+ Bxd7 12. O-O Rc8 13. Qg4 e5 14. Qxg7
Bf6 15. Bg5 Bxg7 16. Bxd8 Rxd8 17. Nc2 Be6 18. Ne3 h6 19. Rfe1 O-O 20. Nf5 Bxf5
21. exf5 f6 22. Ne4 Rd5 23. a4 Nc4 24. b4 b6 25. Ra2 Nd6 26. Nc3 Rd3 27. Ne2
Rd8 28. g4 Ne4 29. Rc2 Rd1 30. Rxd1 Rxd1+ 31. Kg2 Rd2 32. Rc8+ Bf8 33. Kf3 Nd6
34. Rc6 Rd3+ 35. Kg2 Ra3 36. Nc3 Kg7 37. Rc7+ Nf7 38. Rc6 Bxb4 39. Nd5 Bd6 40.
Nxb6 Rd3 41. Nc4 Rc3 42. Rxd6 Nxd6 43. Nxd6 Rd3 44. Ne8+ Kf7 45. Nc7 Rd4 46.
Nxa6 Rxa4 47. Nc5 Rxg4+ 48. Kf3 Rf4+ 49. Kg3 Rxf5 50. Ne4 Rf4 51. f3 Kg6 52.
Nf2 Ra4 53. Ne4 f5 54. Nc5 Ra3 55. Kf2 Kg5 56. Ne6+ Kh4 57. Nf8 Ra7 58. Ne6 Kh3
59. f4 e4 60. Ke3 Kxh2 61. Kd4 Ra5 62. Nc5 Rxc5 0-1

[Event "SV Horst-Emscher 2 - Bochumer SV 2"]
[Site "Verbandsklasse, Gruppe 2 2017"]
[Date "2018.01.14"]
[Round "5.1"]
[White "Kraemer, Matthias"]
[Black "Patzer, Joerg"]
[Result "1-0"]
[WhiteElo "2195"]
[BlackElo "1887"]
[PlyCount "37"]
[EventDate "2018.??.??"]

1. e4 d6 2. d4 g6 3. Nc3 Bg7 4. f4 Nf6 5. Nf3 c5 6. dxc5 Qa5 7. Qd4 Nc6 8. Bb5
Bd7 9. Qa4 Qxa4 10. Bxa4 dxc5 11. e5 Ng4 12. h3 Nh6 13. Be3 b6 14. O-O-O a6 15.
Nd5 Nf5 16. Nc7+ Kd8 17. Nxa8 Nxe3 18. Nxb6 Nxd1 19. Rxd1 1-0

[Event "SV Horst-Emscher 2 - Bochumer SV 2"]
[Site "Verbandsklasse, Gruppe 2 2017"]
[Date "2018.01.14"]
[Round "5.2"]
[White "Rebentisch, Tom"]
[Black "Spiess, Timo-Christian"]
[Result "1/2-1/2"]
[WhiteElo "1957"]
[BlackElo "2069"]
[PlyCount "30"]
[EventDate "2018.??.??"]

1. d4 d6 2. c4 e5 3. e3 Nc6 4. Nc3 g6 5. dxe5 Nxe5 6. b3 Bg7 7. Bb2 Nf6 8. Be2
O-O 9. Nf3 Ne4 10. Qc1 Nxc3 11. Bxc3 Bf5 12. O-O Qe7 13. Qb2 Nxf3+ 14. Bxf3
Bxc3 15. Qxc3 Be4 1/2-1/2

[Event "SV Horst-Emscher 2 - Bochumer SV 2"]
[Site "Verbandsklasse, Gruppe 2 2017"]
[Date "2018.01.14"]
[Round "5.3"]
[White "Hinkmann, Jens"]
[Black "Tobczewski, Peter"]
[Result "1-0"]
[WhiteElo "1987"]
[BlackElo "1866"]
[PlyCount "35"]
[EventDate "2018.??.??"]

1. d4 d5 2. c4 Nc6 3. Nc3 dxc4 4. d5 Na5 5. Qa4+ c6 6. b4 b5 7. Qxa5 Qxa5 8.
bxa5 b4 9. Nd1 cxd5 10. e4 e6 11. exd5 exd5 12. Ne2 Bd6 13. Bf4 Ke7 14. Ne3 Nf6
15. O-O-O Bc5 16. Nxd5+ Nxd5 17. Rxd5 Bxf2 18. Bd6+ 1-0

[Event "SV Horst-Emscher 2 - Bochumer SV 2"]
[Site "Verbandsklasse, Gruppe 2 2017"]
[Date "2018.01.14"]
[Round "5.4"]
[White "Hiebsch, Catalina"]
[Black "Goralski, Christian"]
[Result "0-1"]
[WhiteElo "1798"]
[BlackElo "1974"]
[PlyCount "79"]
[EventDate "2018.??.??"]

1. e4 d5 2. exd5 Nf6 3. Nc3 Nxd5 4. Nxd5 Qxd5 5. Nf3 Bg4 6. Be2 Nc6 7. d3 O-O-O
8. h3 Bh5 9. O-O e5 10. Be3 f6 11. Nd2 Bxe2 12. Qxe2 Nd4 13. Bxd4 Qxd4 14. Qg4+
Qxg4 15. hxg4 h5 16. gxh5 Rxh5 17. g3 Bc5 18. Nf3 g5 19. Rad1 g4 20. Nh4 f5 21.
Ng6 Rg8 22. d4 Rxg6 23. dxc5 Rgh6 24. f3 gxf3 25. Kf2 e4 26. Ke3 Rh2 27. Rd5
Re2+ 28. Kf4 f2 29. Re5 Rh8 30. b4 Rxc2 31. Kxf5 Rf8+ 32. Kg4 Re2 33. Kh3 e3
34. a4 Kd7 35. b5 Re8 36. Rd5+ Ke6 37. Rd3 Kf5 38. Kg2 Ke4 39. Rd7 Rd2 40. c6
0-1

[Event "SV Horst-Emscher 2 - Bochumer SV 2"]
[Site "Verbandsklasse, Gruppe 2 2017"]
[Date "2018.01.14"]
[Round "5.5"]
[White "Peters, Olaf"]
[Black "Verfuerth, Christian"]
[Result "1/2-1/2"]
[WhiteElo "1878"]
[BlackElo "1877"]
[PlyCount "45"]
[EventDate "2018.??.??"]

1. c4 e6 2. e4 d5 3. cxd5 exd5 4. exd5 Nf6 5. Bb5+ Bd7 6. Bxd7+ Nbxd7 7. Nc3
Be7 8. Nf3 O-O 9. O-O Nb6 10. d4 Nfxd5 11. Qb3 c6 12. Bd2 Re8 13. Rfe1 Nxc3 14.
Bxc3 Qd5 15. Qxd5 Nxd5 16. Re2 Bf6 17. Rae1 Kf8 18. Kf1 Rxe2 19. Rxe2 Re8 20.
g3 Rxe2 21. Kxe2 Ke7 22. Kd3 Ke6 23. Nd2 1/2-1/2

[Event "SV Horst-Emscher 2 - Bochumer SV 2"]
[Site "Verbandsklasse, Gruppe 2 2017"]
[Date "2018.01.14"]
[Round "5.6"]
[White "Schreiner, Paulo"]
[Black "Floeren, Philipp"]
[Result "1/2-1/2"]
[WhiteElo "1782"]
[BlackElo "1874"]
[PlyCount "50"]
[EventDate "2018.??.??"]

1. d4 d6 2. c4 g6 3. Nc3 Bg7 4. e4 Nf6 5. Nf3 O-O 6. Be2 c6 7. O-O Re8 8. Bg5
Qb6 9. Qd2 Bg4 10. Rab1 Nbd7 11. b4 e5 12. dxe5 dxe5 13. Rfd1 Rad8 14. Qe3 Bxf3
15. Qxf3 h6 16. Be3 Qc7 17. Rd2 Nf8 18. Rbd1 Ne6 19. Rxd8 Rxd8 20. Rxd8+ Qxd8
21. Bxa7 b6 22. c5 bxc5 23. Bxc5 Nxc5 24. bxc5 Qa5 25. Qd3 Qxc5 1/2-1/2

[Event "SV Horst-Emscher 2 - Bochumer SV 2"]
[Site "Verbandsklasse, Gruppe 2 2017"]
[Date "2018.01.14"]
[Round "5.7"]
[White "Bautz, Volker"]
[Black "Rebentisch, Sebastian"]
[Result "1-0"]
[WhiteElo "1823"]
[BlackElo "1806"]
[PlyCount "47"]
[EventDate "2018.??.??"]

1. d4 d5 2. Nc3 Bf5 3. f3 Nf6 4. Bg5 Nbd7 5. h4 h6 6. Bf4 Nb6 7. Nb5 Rc8 8.
Nxa7 Ra8 9. Nb5 Rc8 10. e3 c6 11. Nc3 e6 12. Bd3 Bxd3 13. Qxd3 Bd6 14. Nge2
Bxf4 15. Nxf4 Qd6 16. Kf2 O-O 17. g4 Nh7 18. g5 e5 19. dxe5 Qxe5 20. Rag1 Qd6
21. Ne4 Qe7 22. Nf6+ Nxf6 23. gxf6 Qxf6 24. Nh5 1-0

[Event "SV Horst-Emscher 2 - Bochumer SV 2"]
[Site "Verbandsklasse, Gruppe 2 2017"]
[Date "2018.01.14"]
[Round "5.8"]
[White "Kotter, Michael"]
[Black "Hirmer, Raimund"]
[Result "1/2-1/2"]
[WhiteElo "1852"]
[BlackElo "1789"]
[PlyCount "38"]
[EventDate "2018.??.??"]

1. Nc3 f5 2. e4 fxe4 3. Nxe4 Nf6 4. Nxf6+ exf6 5. d4 d5 6. Bd3 Be6 7. Qe2 Qe7
8. Bf4 Nc6 9. Bb5 Kf7 10. Bxc6 bxc6 11. Nf3 Qd7 12. O-O Bd6 13. Bxd6 cxd6 14.
Rfe1 Rhe8 15. Qd2 Rad8 16. b3 Bg4 17. Qf4 Bxf3 18. Qxf3 Rxe1+ 19. Rxe1 Re8
1/2-1/2

[Event "Rochade Steele/Kray 1 - SG Höntrop 1"]
[Site "Verbandsklasse, Gruppe 2 2017"]
[Date "2018.01.14"]
[Round "5.1"]
[White "Oberbarnscheidt, Ludger"]
[Black "Happe, Ulrich"]
[Result "0-1"]
[WhiteElo "2032"]
[BlackElo "2105"]
[PlyCount "82"]
[EventDate "2018.??.??"]

1. b3 Nf6 2. Bb2 e6 3. e3 Be7 4. Nf3 O-O 5. d4 b6 6. Nbd2 Bb7 7. Bd3 c5 8. dxc5
bxc5 9. c4 d6 10. O-O Nbd7 11. Qc2 h6 12. Rfe1 Qc7 13. Rad1 Rfb8 14. e4 e5 15.
Nf1 Nf8 16. Ne3 g6 17. Nd5 Qd8 18. Nxf6+ Bxf6 19. Bf1 Qe7 20. Qd2 Rd8 21. Qxh6
Ne6 22. Qd2 Kg7 23. Bc1 a5 24. h4 Ra6 25. g3 Rh8 26. Bg2 a4 27. Ng5 Bxg5 28.
hxg5 axb3 29. axb3 Rb6 30. f4 Nd4 31. Qf2 Rxb3 32. Bd2 Kg8 33. Rb1 Ba6 34. Rxb3
Nxb3 35. Bf1 Nd4 36. Ra1 Bc8 37. Be3 Kg7 38. Bd3 Bg4 39. f5 gxf5 40. exf5 Qb7
41. f6+ Kg8 0-1

[Event "Rochade Steele/Kray 1 - SG Höntrop 1"]
[Site "Verbandsklasse, Gruppe 2 2017"]
[Date "2018.01.14"]
[Round "5.2"]
[White "Landau, Christian"]
[Black "Rostek, Joerg"]
[Result "1-0"]
[WhiteElo "2040"]
[BlackElo "1954"]
[PlyCount "50"]
[EventDate "2018.??.??"]

1. c4 c5 2. Nf3 Nc6 3. d4 cxd4 4. Nxd4 g6 5. Nc3 Bg7 6. Nc2 Nf6 7. e4 d6 8. Be2
O-O 9. O-O Bd7 10. Be3 Re8 11. h3 Qc8 12. Qd2 Ne5 13. b3 Bc6 14. f4 Ned7 15.
Bf3 Nc5 16. Bxc5 dxc5 17. Rad1 Nd7 18. e5 Bxf3 19. Rxf3 Nf8 20. Rd3 f6 21. exf6
exf6 22. Nb5 Re7 23. Ne3 Qc6 24. Rd6 Qe4 25. Nd5 Rf7 1-0

[Event "Rochade Steele/Kray 1 - SG Höntrop 1"]
[Site "Verbandsklasse, Gruppe 2 2017"]
[Date "2018.01.14"]
[Round "5.3"]
[White "Drzasga, Michael"]
[Black "Greger, Helmut"]
[Result "1-0"]
[WhiteElo "1983"]
[BlackElo "1950"]
[PlyCount "111"]
[EventDate "2018.??.??"]

1. d4 Nf6 2. Nc3 g6 3. e4 d6 4. f3 Bg7 5. Be3 O-O 6. Qd2 c6 7. O-O-O b5 8. h4
b4 9. Nb1 Qa5 10. g4 h5 11. gxh5 Nxh5 12. Bh3 Nd7 13. Ne2 Ndf6 14. Rdg1 Rb8 15.
a3 Qa4 16. axb4 Qxb4 17. Qxb4 Rxb4 18. Bxc8 Rxc8 19. Nbc3 Rcb8 20. b3 Nd7 21.
Kd2 R4b7 22. Ra1 Rc8 23. Ra5 Nb8 24. Rg1 Kh7 25. Nf4 Nxf4 26. Bxf4 Bh6 27. Bxh6
Kxh6 28. h5 Rg8 29. Rag5 Nd7 30. hxg6 Rxg6 31. Rxg6+ fxg6 32. Ke3 Rb8 33. Ra1
Rb7 34. Ra5 Nb8 35. e5 Kg7 36. Ne4 Rd7 37. Kf4 a6 38. Ra4 Rd8 39. Rb4 c5 40.
Rb7 dxe5+ 41. dxe5 Nc6 42. Nxc5 Rd5 43. Nd3 Kf7 44. Rb6 Nd4 45. Ke4 Rd8 46. c3
Nxf3 47. Nf4 Nh4 48. Rxa6 g5 49. Rh6 Rb8 50. Ne6 Ng2 51. Nxg5+ Kg7 52. Rh2 Rxb3
53. Rxg2 Rxc3 54. Kf4 Rc6 55. Ne6+ Kh7 56. Rg7+ 1-0

[Event "Rochade Steele/Kray 1 - SG Höntrop 1"]
[Site "Verbandsklasse, Gruppe 2 2017"]
[Date "2018.01.14"]
[Round "5.4"]
[White "Kirsch, Paul"]
[Black "Jedner, Volker"]
[Result "1-0"]
[WhiteElo "1930"]
[BlackElo "1832"]
[PlyCount "119"]
[EventDate "2018.??.??"]

1. Nf3 d5 2. d4 c6 3. e3 Nf6 4. c4 e6 5. Nc3 Be7 6. Bd3 O-O 7. O-O Qc7 8. h3
Nbd7 9. Bd2 dxc4 10. Bxc4 e5 11. dxe5 Nxe5 12. Qe2 Rd8 13. Nxe5 Qxe5 14. Rfd1
Bd6 15. f4 Qe8 16. e4 Bc5+ 17. Be3 Bxe3+ 18. Qxe3 Rxd1+ 19. Rxd1 Be6 20. Bxe6
Qxe6 21. Qd4 h6 22. e5 Nh7 23. Qd7 b6 24. Qxe6 fxe6 25. Rd6 Nf8 26. Rxc6 Rd8
27. Rd6 Rc8 28. a4 Kf7 29. Kf2 Rc4 30. g3 Rb4 31. Rd2 g5 32. fxg5 hxg5 33. Ke3
Ng6 34. Rd7+ Ke8 35. Rxa7 Nxe5 36. Rg7 Nf7 37. Ne4 Rb3+ 38. Kd4 Rxb2 39. Nxg5
Nxg5 40. Rxg5 Rb4+ 41. Ke5 Kf7 42. Rg4 Rb2 43. Kd6 Rd2+ 44. Kc6 e5 45. Kxb6 Ke6
46. Kc5 Rc2+ 47. Rc4 Rg2 48. g4 Rg3 49. h4 Rh3 50. h5 Rb3 51. a5 Ra3 52. Kb5
Kd5 53. h6 Rh3 54. g5 e4 55. Rc8 e3 56. Re8 Rh5 57. Rxe3 Rxg5 58. Rh3 Rg8 59.
h7 Rb8+ 60. Ka6 1-0

[Event "Rochade Steele/Kray 1 - SG Höntrop 1"]
[Site "Verbandsklasse, Gruppe 2 2017"]
[Date "2018.01.14"]
[Round "5.5"]
[White "Koch, Burkhard"]
[Black "Ophoven, Hermann"]
[Result "1/2-1/2"]
[WhiteElo "1752"]
[BlackElo "1734"]
[PlyCount "22"]
[EventDate "2018.??.??"]

1. e4 g6 2. d4 Bg7 3. Nf3 d6 4. Bc4 e6 5. Nc3 c6 6. a3 Nd7 7. Be3 a6 8. O-O Qc7
9. Re1 Ne7 10. Bf4 O-O 11. e5 d5 1/2-1/2

[Event "Rochade Steele/Kray 1 - SG Höntrop 1"]
[Site "Verbandsklasse, Gruppe 2 2017"]
[Date "2018.01.14"]
[Round "5.6"]
[White "Schmitz, Juergen"]
[Black "Artz, Klaus"]
[Result "1-0"]
[WhiteElo "1861"]
[BlackElo "1844"]
[PlyCount "73"]
[EventDate "2018.??.??"]

1. e4 c5 2. Nf3 d6 3. d4 cxd4 4. Nxd4 Nf6 5. Nc3 e6 6. Be2 Nc6 7. O-O Be7 8.
Kh1 O-O 9. f4 Qc7 10. Be3 a6 11. Rb1 Bd7 12. Nb3 b5 13. a3 Rac8 14. Bf3 Nb8 15.
Bd4 Bc6 16. Qe2 e5 17. Be3 Nbd7 18. f5 Nb6 19. g4 Nc4 20. g5 Nxe3 21. Qxe3 Nd7
22. Rbd1 Nb6 23. f6 Nc4 24. Qg1 Bd8 25. Rb1 Qb7 26. Rfe1 Bb6 27. Qg2 Kh8 28.
fxg7+ Kxg7 29. Qh3 Kh8 30. Bg4 Rcd8 31. Bf5 f6 32. g6 Qg7 33. Rg1 Bxg1 34. Rxg1
Rg8 35. Rg4 Be8 36. gxh7 Qxg4 37. hxg8=Q+ 1-0

[Event "Rochade Steele/Kray 1 - SG Höntrop 1"]
[Site "Verbandsklasse, Gruppe 2 2017"]
[Date "2018.01.14"]
[Round "5.7"]
[White "Barth, Hans-Joachim"]
[Black "Borger, Alexander"]
[Result "1/2-1/2"]
[WhiteElo "1677"]
[BlackElo "1886"]
[PlyCount "77"]
[EventDate "2018.??.??"]

1. b3 d5 2. Bb2 e6 3. e3 Nf6 4. f4 c5 5. Nf3 Nc6 6. Bb5 Bd7 7. O-O Be7 8. d3
O-O 9. Nbd2 a6 10. Bxc6 Bxc6 11. Ne5 Qc7 12. Ndf3 b5 13. Nxc6 Qxc6 14. a4 b4
15. Ne5 Qc7 16. Qf3 Rfd8 17. g4 Nd7 18. Rf2 f6 19. Nxd7 Qxd7 20. f5 e5 21. g5
fxg5 22. Bxe5 Bf6 23. Bxf6 gxf6 24. Kg2 Rac8 25. Qg4 Qf7 26. h4 h5 27. Qg3 g4
28. Qf4 Kh7 29. Kg3 Qc7 30. Re1 Re8 31. Rfe2 Re5 32. e4 Qe7 33. Kf2 Re8 34. Kg3
Qb7 35. Kf2 Qe7 36. Kg3 a5 37. Re3 Qd6 38. R3e2 Qe7 39. Re3 1/2-1/2

[Event "Rochade Steele/Kray 1 - SG Höntrop 1"]
[Site "Verbandsklasse, Gruppe 2 2017"]
[Date "2018.01.14"]
[Round "5.8"]
[White "Schroeder, Marcel"]
[Black "Geistmeier, Frank"]
[Result "0-1"]
[WhiteElo "1500"]
[BlackElo "1738"]
[PlyCount "68"]
[EventDate "2018.??.??"]

1. c4 c5 2. Nf3 Nc6 3. Nc3 Nf6 4. d4 cxd4 5. Nxd4 g6 6. Nxc6 bxc6 7. g3 Bg7 8.
Bg2 O-O 9. O-O Rb8 10. Rb1 Bb7 11. Bf4 d6 12. Qa4 Qb6 13. Be3 c5 14. b4 Bxg2
15. bxc5 Qc6 16. Qxc6 Bxc6 17. cxd6 exd6 18. Bxa7 Rbc8 19. Rfd1 Ne4 20. Nxe4
Bxe4 21. Rb5 Rxc4 22. f3 Bc6 23. Rb6 Ba4 24. Rdxd6 Bd4+ 25. Rxd4 Rxd4 26. Rxg6+
fxg6 27. Bxd4 Bd1 28. Kf2 Ra8 29. Ke1 Bc2 30. h4 Rxa2 31. e4 Bd3 32. e5 Kf7 33.
f4 Ke6 34. Bc3 Rg2 0-1

[Event "SK Germania Kupferdreh 1 - SK Sodingen/"]
[Site "Verbandsklasse, Gruppe 2 2017"]
[Date "2018.01.14"]
[Round "5.1"]
[White "Zobiegala, Christoph"]
[Black "Unteregge, Michael"]
[Result "1-0"]
[WhiteElo "1880"]
[BlackElo "2019"]
[PlyCount "81"]
[EventDate "2018.??.??"]

1. e4 c6 2. d4 d5 3. e5 Bf5 4. Nf3 e6 5. Be2 c5 6. Be3 Qb6 7. Nc3 Nc6 8. O-O
Nge7 9. dxc5 Qd8 10. Nb5 Ng6 11. Nd6+ Bxd6 12. exd6 O-O 13. a3 a5 14. c3 Nge5
15. Nd4 Nxd4 16. cxd4 Nc4 17. Qb3 Nxe3 18. Qxe3 a4 19. Bd3 Bxd3 20. Qxd3 Qa5
21. b4 axb3 22. Qxb3 Rab8 23. Qb4 Qd8 24. a4 Qf6 25. Rfe1 h5 26. Rab1 Rfc8 27.
a5 Rc6 28. Qb5 Qd8 29. Re3 Ra6 30. Ra3 g6 31. h3 Kg7 32. Rba1 h4 33. Qb2 Kg8
34. Qd2 Rba8 35. Kh2 Kg7 36. Rb1 Rxa5 37. Rxa5 Rxa5 38. Rxb7 Qf6 39. Qe3 Kh7
40. Qf3 Qxd4 41. Rxf7+ 1-0

[Event "SK Germania Kupferdreh 1 - SK Sodingen/"]
[Site "Verbandsklasse, Gruppe 2 2017"]
[Date "2018.01.14"]
[Round "5.2"]
[White "Krimphoff, Ingo"]
[Black "Lucke, Thomas"]
[Result "1/2-1/2"]
[WhiteElo "1936"]
[BlackElo "1827"]
[Annotator "Daniel"]
[PlyCount "83"]
[EventDate "2018.??.??"]

1. Nf3 d5 2. d4 Nf6 3. Bf4 c6 4. e3 e6 5. Bd3 Be7 6. h3 Nbd7 7. O-O O-O 8. Nbd2
b6 9. Qe2 Bb7 10. Rfe1 c5 11. c3 Ne4 12. Bc2 Ndf6 $11 13. Rad1 Nxd2 14. Nxd2
cxd4 15. exd4 Nd7 16. Qd3 g6 17. Nf3 Bf6 18. Bh6 Re8 19. Ba4 a6 20. Bf4 b5 21.
Bc2 Bg7 22. Rd2 Qb6 23. Ne5 Nxe5 24. Bxe5 Qd8 25. Rde2 Bc6 26. Qg3 Bd7 27. h4
f6 28. Bf4 Rc8 29. Qe3 Qe7 30. Qf3 Qf7 31. Bb3 Bf8 32. Qg3 Bg7 33. Re3 Bc6 34.
Rf3 Qe7 35. Bc2 Bd7 36. Bb3 Bc6 37. Rfe3 Qf7 38. Qh3 f5 39. Be5 Rcd8 40. Qg3 h6
41. Qf4 Qe7 42. Rg3 1/2-1/2

[Event "SK Germania Kupferdreh 1 - SK Sodingen/"]
[Site "Verbandsklasse, Gruppe 2 2017"]
[Date "2018.01.14"]
[Round "5.3"]
[White "Balke, Reiner"]
[Black "Zagrabski, Kevin"]
[Result "1/2-1/2"]
[WhiteElo "1836"]
[BlackElo "1883"]
[PlyCount "48"]
[EventDate "2018.??.??"]

1. e4 g6 2. Nf3 Bg7 3. d4 d6 4. h3 Nc6 5. Nc3 e5 6. Bb5 Bd7 7. Bxc6 Bxc6 8.
dxe5 dxe5 9. Qe2 Qe7 10. O-O Nf6 11. Bg5 h6 12. Bxf6 Qxf6 13. Rfd1 O-O 14. Nd5
Bxd5 15. Rxd5 Rfe8 16. Rad1 Bf8 17. Qd2 Kg7 18. Nh2 h5 19. Nf1 Qc6 20. Qe2 Re6
21. Nh2 Bd6 22. Nf3 Rae8 23. Qd3 a6 24. c4 b6 1/2-1/2

[Event "SK Germania Kupferdreh 1 - SK Sodingen/"]
[Site "Verbandsklasse, Gruppe 2 2017"]
[Date "2018.01.14"]
[Round "5.4"]
[White "Wuthcke, Dieter"]
[Black "Scheibe, Werner"]
[Result "0-1"]
[WhiteElo "1831"]
[BlackElo "1828"]
[PlyCount "88"]
[EventDate "2018.??.??"]

1. d4 Nf6 2. c4 g6 3. Nc3 d5 4. Nf3 Bg7 5. e3 O-O 6. Bd2 c6 7. Be2 Bg4 8. Ne5
Bxe2 9. Qxe2 e6 10. cxd5 exd5 11. O-O Nbd7 12. Nd3 Re8 13. b4 b6 14. Rac1 Rc8
15. Na4 Ne4 16. Qd1 Bf8 17. Nc3 f5 18. Nxe4 fxe4 19. Nf4 Nf6 20. a4 Qd7 21. h3
Bd6 22. Ne2 Rf8 23. Qb3 Kh8 24. b5 cxb5 25. Rxc8 Rxc8 26. axb5 g5 27. Bb4 Qxb5
28. Rb1 Bxb4 29. Qxb4 Qxb4 30. Rxb4 Kg7 31. g4 Kf7 32. Ng3 Ke6 33. Nf5 Ne8 34.
Kg2 Nd6 35. Ng7+ Kf7 36. Nh5 b5 37. Kg3 a5 38. Rb1 a4 39. f3 exf3 40. Kxf3 a3
41. Ng3 a2 42. Ra1 Rc2 43. Ne2 b4 44. Nc1 Rxc1 0-1

[Event "SK Germania Kupferdreh 1 - SK Sodingen/"]
[Site "Verbandsklasse, Gruppe 2 2017"]
[Date "2018.01.14"]
[Round "5.5"]
[White "Kowalczyk, Frank"]
[Black "Degner, Friedhelm"]
[Result "0-1"]
[WhiteElo "1741"]
[BlackElo "1765"]
[PlyCount "108"]
[EventDate "2018.??.??"]

1. e4 d5 2. exd5 Nf6 3. d4 Bg4 4. Nf3 Qxd5 5. Be2 e6 6. h3 Bf5 7. Bf4 Nbd7 8.
O-O Qe4 9. Bxc7 Qc6 10. Bh2 Bxc2 11. Qd2 Ne4 12. Qe3 Nef6 13. Nc3 Bd6 14. Bxd6
Qxd6 15. Nb5 Qb6 16. Qc3 Be4 17. Nc7+ Ke7 18. Nxa8 Rxa8 19. Nd2 Qc6 20. Qb4+
Qd6 21. Qxd6+ Kxd6 22. Bf3 Bd5 23. b3 b5 24. Rac1 a6 25. Bxd5 Kxd5 26. Nf3 Ra7
27. Rfe1 Ne4 28. Ne5 f6 29. Nxd7 Rxd7 30. f3 Nd6 31. Red1 Nb7 32. Kf2 Kd6 33.
Ke3 Ke7 34. Rc6 a5 35. Rdc1 Nd6 36. Kd3 Kd8 37. Ra6 Nf5 38. Rxa5 Nxd4 39. Ke3
e5 40. g4 Ke7 41. h4 g6 42. Ra8 h5 43. Rcc8 hxg4 44. fxg4 f5 45. Re8+ Kd6 46.
Red8 fxg4 47. Rxd7+ Kxd7 48. a4 g3 49. axb5 g2 50. Ra1 Nc2+ 51. Kf2 Nxa1 52.
Kxg2 Nxb3 53. Kf3 Nc5 54. Kg4 e4 0-1

[Event "SK Germania Kupferdreh 1 - SK Sodingen/"]
[Site "Verbandsklasse, Gruppe 2 2017"]
[Date "2018.01.14"]
[Round "5.6"]
[White "Tiefenhoff, Christian"]
[Black "Tenschert, Hartmut"]
[Result "1-0"]
[WhiteElo "1965"]
[BlackElo "1747"]
[PlyCount "53"]
[EventDate "2018.??.??"]

1. d4 Nf6 2. Nf3 g6 3. c3 Bg7 4. Bg5 O-O 5. Nbd2 d6 6. e3 Nbd7 7. Bc4 a6 8. a4
c6 9. O-O d5 10. Bd3 h6 11. Bh4 Re8 12. e4 dxe4 13. Nxe4 Nxe4 14. Bxe4 Nf6 15.
Bd3 Bg4 16. h3 Be6 17. Re1 Qc8 18. Qe2 Bf5 19. Bc4 b5 20. Bb3 Rb8 21. Ne5 Nd5
22. Bg3 Rb7 23. axb5 axb5 24. Ra6 Bd7 25. Qf3 Rf8 26. Nxc6 Bxc6 27. Rxc6 1-0

[Event "SK Germania Kupferdreh 1 - SK Sodingen/"]
[Site "Verbandsklasse, Gruppe 2 2017"]
[Date "2018.01.14"]
[Round "5.7"]
[White "Demtroeder, Joerg"]
[Black "Bendel, Ruediger"]
[Result "1/2-1/2"]
[WhiteElo "1699"]
[BlackElo "1926"]
[PlyCount "44"]
[EventDate "2018.??.??"]

1. d4 d5 2. Bf4 f5 3. e3 e6 4. Bd3 c5 5. c3 Nf6 6. Nf3 Ne4 7. Ne5 g6 8. Nd2 Nd7
9. Bxe4 fxe4 10. Nxd7 Bxd7 11. Be5 Rg8 12. O-O Bb5 13. Re1 Bd6 14. Qg4 Ke7 15.
Qh4+ Kd7 16. Qxh7+ Kc6 17. Qh3 Bxe5 18. dxe5 Qe7 19. b4 Rh8 20. Qg3 Rh5 21. c4
Bxc4 22. Nxc4 dxc4 1/2-1/2